Toponimia de la patagonia /

Guardado en:
Autor Principal: Deodat, Leoncio S.
Formato: Libro
Publicado: Buenos Aires : Automovil Club Argentino, 1956
Materias:
Etiquetas: Agregar Etiqueta
Sin Etiquetas, Sea el primero en etiquetar este registro!
LEADER 00477nam a22001575a 4500
001 EHU.bham005370
003 AR-BHAM
005 20081016111619.0
008 130507s1956##################000#0#####d
082 4 6 |a 464.1 
100 1 |a Deodat, Leoncio S. 
245 1 0 |a Toponimia de la patagonia /  |c Leoncio S. Deodat. 
260 |a Buenos Aires :  |b Automovil Club Argentino,  |c 1956 
300 |a 15 p. 
653 |a Castellano-toponimos 
859 |a AR-BHAM  |b BIB. HUMANIDADES - General  |h 464.1  |i D44  |p 463.61  |t Ej.1